Thuốc hay thầy giỏi: Những bài thuốc hay trị các bệnh thường gặp ở Phụ nữ và Trẻ em
Wedi'i Gadw mewn:
| Prif Awdur: | |
|---|---|
| Fformat: | Llyfr |
| Iaith: | Undetermined |
| Cyhoeddwyd: |
Đồng Tháp
Tổng hợp Đồng Tháp
1996
|
| Pynciau: | |
| Tagiau: |
Ychwanegu Tag
Dim Tagiau, Byddwch y cyntaf i dagio'r cofnod hwn!
|
| Thư viện lưu trữ: | Trung tâm Học liệu Trường Đại học Cần Thơ |
|---|
| LEADER | 00656nam a2200193Ia 4500 | ||
|---|---|---|---|
| 001 | CTU_53157 | ||
| 008 | 210402s9999 xx 000 0 und d | ||
| 020 | |b 9000 | ||
| 082 | |a 615.882 | ||
| 082 | |b B100 | ||
| 100 | |a Trần Văn Ba | ||
| 245 | 0 | |a Thuốc hay thầy giỏi: Những bài thuốc hay trị các bệnh thường gặp ở Phụ nữ và Trẻ em | |
| 245 | 0 | |c Trần Văn Ba | |
| 260 | |a Đồng Tháp | ||
| 260 | |b Tổng hợp Đồng Tháp | ||
| 260 | |c 1996 | ||
| 650 | |a folk medicine | ||
| 650 | |x formulae, receipts and prescription | ||
| 980 | |a Trung tâm Học liệu Trường Đại học Cần Thơ | ||